000 01102nmc a2200361 a 4500
003 AR-BaBNM
005 20251128205515.0
008 011101s1995 ||||||||||||||000 | spa||
020 _a84-7960-083-7
040 _cAR-BaBNM
100 1 _aDíez Navarro, Carmen
245 1 0 _aLa oreja verde de la escuela
_btrabajo por proyectos y vida cotidiana en la escuela infantil
250 _a1ª ed.
260 _aMadrid
_bEdiciones de la Torre
_c1995
300 0 _a206 p.
_bláms.
490 0 _aProyecto didáctico Quirón
_vv. 54
504 _aBibliografía: p. 205-206
650 4 _aPROGRAMAS PREESCOLARES
650 4 _aINTERACCION SOCIAL
650 4 _aVIDA COTIDIANA
650 4 _aAPRENDIZAJE PREESCOLAR
650 4 _aDINAMICA DE GRUPO
650 4 _aNINOS DE EDAD PREESCOLAR
650 4 _aACTIVIDADES DE APRENDIZAJE
653 0 _aEDUCACION INICIAL
653 0 _aNINOS DE JARDIN DE INFANTES
653 0 _aMETODO DE PROYECTOS
653 0 _aPROYECTOS DE AULA
653 0 _aEDUCACION INICIAL
700 1 _aCarbonell i Sebarroja, Jaume
_eprologuista
942 _cBK
998 _cSILVI
999 _c11676
_d11676